Statistics for Clear Circles on the World Map by Main City #6

Click here to take the quiz!

General Stats

  • This quiz has been taken 253 times
  • The average score is 309 of 394

Answers on the Map

Answers color-coded by a green-red scale on the quiz's map according to % correct below.
Loading ...
 

Answer Stats

Circle% Correct
Boston
99%
Toronto
99%
5 - New York, Chicago, Washington, Dallas, Miami
99%
4 - Los Angeles, San Francisco, Dallas, Seattle
99%
4 - Mexico City, Guadalajara, Monterrey, Guatemala City
99%
4 - Mexico City, Houston, Miami, Santo Domingo
99%
Port-au-Prince
99%
Montréal
99%
Philadelphia
99%
Santo Domingo
99%
New York
99%
Miami
99%
Washington
99%
Dallas
99%
Los Angeles
99%
Chicago
99%
Guatemala City
99%
Guadalajara
99%
Mexico City
99%
Houston
99%
Monterrey
99%
Detroit
99%
Portland
98%
San Francisco
98%
São Paulo
98%
Tianjin
98%
Rio de Janeiro
98%
Belo Horizonte
98%
Brasília
98%
La Paz
98%
5 - Shanghai, Beijing, Tianjin, Chengdu, Ürümqi
98%
5 - São Paulo, Rio de Janeiro, Belo Horizonte, Asunción, La Paz
98%
Chengdu
98%
Asunción
98%
Santa Cruz
98%
3 - Los Angeles, San Francisco, Seattle
98%
Beijing
98%
5 - Paris, Madrid, Milan, Naples, Casablanca
97%
Tokyo
97%
Alesund
97%
Madrid
97%
4 - Cairo, Istanbul, Alexandria, Al Jawf
97%
Casablanca
97%
Trondheim
97%
Naples
97%
London
97%
Sapporo
97%
Sendai
97%
Shanghai
97%
Yokohama
97%
Lisbon
97%
Seoul
97%
Harbin
97%
Jilin
97%
5 - London, Paris, The Ruhr, Milan, Berlin
97%
Changchun
97%
Cairo
97%
4 - Tokyo, Shanghai, Seoul, Beijing
97%
The Ruhr
97%
Alexandria
97%
Paris
97%
Milan
97%
Istanbul
97%
Halifax
96%
3 - São Paulo, Buenos Aires, Santiago
96%
Whitehorse
96%
Kingston
96%
Gold Coast
96%
Hobart
96%
Al Jawf
96%
Saint Petersburg
96%
5 - New York, Boston, Philadelphia, Halifax, Saint George's
96%
Stockholm
96%
5 - Sydney, Melbourne, Brisbane, Auckland, Noumea
96%
Moscow
96%
Khartoum
96%
Mendoza
96%
Juneau
96%
Iqaluit
96%
Vancouver
96%
Kiev
96%
5 - Moscow, The Ruhr, Saint Petersburg, Kiev, Stockholm
96%
Córdoba
96%
5 - Halifax, Saguenay, Sydney, Nuuk, Iqaluit
96%
Saint George's
96%
Trelew
96%
Qaqortoq
96%
Sydney
96%
Kharkiv
96%
Nuuk
96%
Buenos Aires
96%
Helsinki
96%
4 - Cairo, Khartoum, Alexandria, Jeddah
96%
Berlin
96%
Melbourne
96%
Brisbane
96%
Espoo
96%
5 - Seattle, Vancouver, Portland, Anchorage, Juneau
96%
Cape Town
95%
Durban
95%
4 - Johannesburg, Cape Town, Durban, Windhoek
95%
Johannesburg
95%
Antofagasta
94%
Caracas
94%
5 - Bogotá, Caracas, Fortaleza, Belém, Manaus
94%
Belém
94%
4 - Delhi, Karachi, Mumbai, Dhaka
94%
Recife
94%
Seattle
94%
Yekaterinburg
94%
Kalgoorlie
94%
Dhaka
94%
5 - Moscow, Nizhny Novgorod, Kharkiv, Yekaterinburg, Arkhangel'sk
94%
Ciudad Guayana
94%
Chennai
94%
4 - Seattle, Vancouver, Calgary, Yellowknife
94%
Manaus
94%
Karachi
94%
Bangalore
94%
Lima
94%
Nizhny Novgorod
94%
Salvador
94%
3 - Lima, La Paz, Santa Cruz
94%
Mumbai
94%
6 - Rio de Janeiro, Belo Horizonte, Brasília, Recife, Salvador, Georgetown
94%
Yellowknife
94%
Winnipeg
94%
Adelaide
94%
4 - Melbourne, Perth, Adelaide, Alice Springs
94%
Hay River
94%
Syktyvkar
94%
Calgary
94%
Jakarta
93%
Baghdad
93%
6 - Toronto, Detroit, Montréal, Winnipeg, Iqaluit, Rankin Inlet
93%
Tehran
93%
4 - Tehran, Baghdad, Riyadh, Dubai
93%
4 - Jakarta, Bangkok, Ho Chi Minh City, Singapore
93%
Saguenay
93%
Surabaya
93%
Singapore
93%
Rankin Inlet
93%
Bandung
93%
Mogadishu
92%
5 - Perth, Rockingham, Mandurah, Kalgoorlie, Carnarvon
92%
Victoria
92%
Rockingham
92%
Addis Ababa
92%
4 - Guangzhou, Manila, Dhaka, Bangkok
92%
4 - Bogotá, Medellín, Guayaquil, Puerto Ayora
92%
5 - Dar es Salaam, Nairobi, Addis Ababa, Mogadishu, Victoria
92%
Guangzhou
92%
Bogotá
92%
Puerto Ayora
92%
West Island
92%
5 - Jakarta, Bandung, Surabaya, Port Hedland, West Island
92%
Mataram
92%
Mandurah
92%
Bangkok
92%
Perth
92%
Denpasar
92%
Carnarvon
92%
Guayaquil
92%
Medellín
92%
Ho Chi Minh City
92%
Dar es Salaam
92%
Manila
91%
Auckland
91%
Kinshasa
91%
Port Mathurin
91%
Toliara
91%
Santiago
91%
Ambovombe
91%
Fianarantsoa
91%
Antananarivo
91%
Saint-Pierre
91%
Cargados Carajos
91%
Wellington
91%
Nairobi
91%
Conakry
91%
4 - Kinshasa, Luanda, Dar es Salaam, Addis Ababa
91%
4 - Guangzhou, Shanghai, Manila, Saipan
91%
4 - Dar es Salaam, Antananarivo, Lilongwe, Victoria
91%
Puerto Montt
91%
4 - Lagos, Kinshasa, Abidjan, Georgetown
91%
Abidjan
91%
Lagos
91%
Ibadan
91%
Osorno
91%
5 - Auckland, Wellington, Christchurch, Nuku'alofa, Kingston
91%
4 - Santiago, Córdoba, Mendoza, Antofagasta
91%
Tashkent
90%
Faisalabad
90%
5 - Delhi, Lahore, Faisalabad, Ürümqi, Tashkent
90%
Delhi
90%
Lahore
90%
Ürümqi
90%
4 - Johannesburg, Kinshasa, Luanda, Lusaka
90%
Almaty
90%
Huambo
90%
Windhoek
90%
Lilongwe
90%
Lobito
90%
Luanda
90%
Lusaka
90%
4 - Tokyo, Sapporo, Sendai, Yokohama
89%
5 - Wellington, Christchurch, Dunedin, McMurdo Station, Waitangi
88%
3 - Karachi, Riyadh, Khartoum
88%
Waitangi
88%
Dubai
88%
Jeddah
88%
Riyadh
88%
Christchurch
88%
Noumea
87%
Port Moresby
87%
5 - Brisbane, Gold Coast, Port Moresby, Noumea, Honiara
87%
Honiara
87%
Townsville
87%
Kopavogur
86%
Tasiilaq
86%
Reykjavik
86%
5 - Reykjavik, Kopavogur, Hafnarfjoerdur, Qaqortoq, Tasiilaq
86%
Akureyri
86%
5 - Reykjavik, Kopavogur, Hafnarfjoerdur, Akureyri, Tasiilaq
86%
Hafnarfjoerdur
86%
4 - Bangalore, Chennai, Colombo, Male
84%
Colombo
84%
Male
84%
5 - Port Moresby, Jayapura, Lae, Honiara, Tarawa
83%
Ebaye
83%
Arijejen
83%
Kolonia
83%
Weno
83%
Lae
83%
4 - Santo Domingo, Caracas, Port-au-Prince, Ciudad Guayana
83%
Dakar
82%
Pikine
82%
Las Palmas de Gran Canaria
82%
4 - Kano, Dakar, Ibadan, Bamako
82%
5 - Dakar, Nouakchott, Pikine, Las Palmas de Gran Canaria, Praia
82%
Kano
82%
Bamako
82%
Nouakchott
82%
Praia
82%
Knik-Fairview
81%
Eagle River
81%
4 - Nuuk, Iqaluit, Sisimiut, Clyde River
81%
Anchorage
81%
Pangnirtung
81%
5 - Anchorage, Eagle River, Knik-Fairview, Bethel, Dutch Harbor
81%
Dutch Harbor
81%
Sisimiut
81%
Clyde River
81%
Bethel
81%
6 - Denpasar, Ambon, Mataram, Port Moresby, Townsville, Alice Springs
80%
Alice Springs
80%
Port Hedland
80%
Nuku'alofa
79%
Suva
79%
Lautoka
79%
4 - Noumea, Suva, Lautoka, Apia
79%
Apia
79%
Funafuti
79%
Honolulu
78%
Pearl City
78%
Hawaiian Paradise Park
78%
Hilo
78%
Kahului
78%
4 - Honolulu, Pearl City, Hilo, Kahului
78%
Murmansk
73%
5 - Helsinki, Murmansk, Espoo, Tromso, Longyearbyen
73%
Bodo
73%
Tromso
73%
Longyearbyen
73%
4 - Christchurch, Hobart, Dunedin, McMurdo Station
71%
Jamestown
71%
Fortaleza
71%
Georgetown
71%
5 - Luanda, Huambo, Lobito, Jamestown, Georgetown
71%
Tarawa
71%
4 - Recife, Fortaleza, Conakry, Belém
71%
5 - Tarawa, Majuro, Ebaye, Funafuti, Arijejen
71%
Majuro
71%
Dunedin
71%
McMurdo Station
71%
Ponta Delgada
68%
4 - Lisbon, Lisbon, Las Palmas de Gran Canaria, Ponta Delgada
68%
Surgut
67%
Nizhnevartovsk
67%
Novosibirsk
67%
3 - Almaty, Novosibirsk, Yekaterinburg
67%
Irkutsk
65%
Ulaanbaatar
65%
4 - Ulaanbaatar, Krasnoyarsk, Irkutsk, Mirny
65%
Krasnoyarsk
65%
Mirny
65%
Nome
58%
Barrow
58%
College
58%
6 - Fairbanks, Badger, College, Bethel, Barrow, Nome
58%
Norman Wells
56%
Inuvik
56%
5 - Fairbanks, Whitehorse, Badger, Inuvik, Norman Wells
56%
Badger
56%
Fairbanks
56%
Gjoa Haven
55%
Yakutsk
55%
4 - Yellowknife, Hay River, Kugluktuk, Gjoa Haven
55%
Kugluktuk
55%
Nyurba
55%
Yuzhno-Sakhalinsk
55%
Markha
55%
6 - Harbin, Changchun, Jilin, Yakutsk, Mirny, Ust-Nera
55%
Olonkinbyen
53%
5 - Trondheim, Alesund, Bodo, Longyearbyen, Olonkinbyen
53%
Jayapura
52%
Ambon
52%
Koror State
52%
Davao
52%
Cebu
52%
Makassar
52%
5 - Cebu, Makassar, Davao, Jayapura, Koror State
52%
4 - Arkhangel'sk, Murmansk, Syktyvkar, Vorkuta
50%
Vorkuta
50%
Arkhangel'sk
50%
Stanley
48%
Comodoro Rivadavia
48%
5 - Comodoro Rivadavia, Punta Arenas, Trelew, Stanley, Grytviken
48%
Rikitea
44%
Tiksi
44%
Adamstown
44%
Taiohae
44%
5 - Yakutsk, Markha, Nyurba, Ust-Nera, Tiksi
44%
5 - Faaa, Papeete, Punaauia, Atuona, Rikitea
44%
Ust-Nera
44%
Atuona
44%
5 - Faaa, Papeete, Punaauia, Avarua, Moerai
43%
Moerai
43%
Papeete
43%
Punaauia
43%
Faaa
43%
Avarua
43%
Punta Arenas
42%
Susuman
42%
Magadan
42%
Omsukchan
42%
Coihaique
42%
3 - Hilo, Hawaiian Paradise Park, Hawaiian Paradise Park
42%
Petropavlovsk-Kamchatsky
42%
4 - Petropavlovsk-Kamchatsky, Yuzhno-Sakhalinsk, Magadan, Ust-Nera
42%
5 - Puerto Montt, Comodoro Rivadavia, Osorno, Punta Arenas, Coihaique
42%
Anadyr
39%
4 - Rankin Inlet, Pangnirtung, Gjoa Haven, Clyde River
39%
4 - Anadyr, Bilibino, Pevek, Provideniya
39%
Egvekinot
39%
Saipan
37%
Provideniya
37%
4 - Surgut, Nizhnevartovsk, Noril'sk, Vorkuta
37%
Yigo Village
37%
4 - Noril'sk, Talnakh, Mirny, Khatanga
37%
Edinburgh of the Seven Seas
37%
1 - Edinburgh of the Seven Seas
37%
Utrik
37%
5 - Saipan, Dededo Village, Yigo Village, Weno, Kolonia
37%
Dededo Village
37%
Khatanga
37%
Talnakh
37%
Noril'sk
37%
3 - Anadyr, Provideniya, Egvekinot
37%
1 - Hanga Roa
34%
Hanga Roa
34%
Bilibino
33%
4 - Ust-Nera, Susuman, Bilibino, Omsukchan
33%
Pevek
33%
2 - Rikitea, Adamstown
31%
1 - Puerto Ayora
31%
1 - Avarua
31%
4 - Fianarantsoa, Toliara, Saint-Pierre, Ambovombe
31%
2 - Port Mathurin, Cargados Carajos
29%
2 - Atuona, Taiohae
27%
Grytviken
27%
1 - Utrik
27%
1 - Grytviken
27%
1 - Port-aux-Francais
25%
Port-aux-Francais
25%
Tabwakea Village
22%
Napari Village
22%
2 - Tabwakea Village, Napari Village
22%

Score Distribution

Percentile by Number Answered

Percent of People with Each Score

Your Score History

You have not taken this quiz